000 00866nmm a2200301 a 4500
003 AR-BaBNM
005 20251128211312.0
008 033120s1998 ||||||||||||||000 | spa||
040 _cAR-BaBNM
111 2 _aJornadas Internacionales sobre Etica y Política
_cBuenos Aires
_d1998 abr. 16-17
245 1 0 _aEtica y política
260 _aBuenos Aires
_bMinisterio de Cultura y Educación de la Nación
_c1998
300 _a224 p.
650 4 _aFILOSOFIA POLITICA
650 4 _aIDEOLOGIAS
650 4 _aTEORIA POLITICA
650 4 _aPOLITICA
650 4 _aETICA POLITICA
650 4 _aCORRUPCION
650 4 _aDEMOCRACIA
651 4 _aArgentina
700 1 _aCasalla, Mario
_ecompilador
710 1 _aArgentina
_bCongreso
_bSenado
710 1 _aArgentina
_bMinisterio de Cultura y Educación
710 2 _aUnesco
942 _cBK
998 _cMariana
999 _c19064
_d19064